00305nam a2200121Ia 4500008004100000041000800041082001600049100002200065245003400087260002300121300003000144365000900174240624s9999 xx 000 0 und d aeng a658.827 JOH aJOHANSSON JOHNY K aCONTEMPORARY BRAND MANAGEMENT c2015aLondonbSage axi, : 258 : p. : cm. ; 22 cb38